Welcome to CU Library Online Public Access Catalogue (OPAC)

Leadership and management for nurses : (Record no. 7987)

MARC details
000 -LEADER
fixed length control field 00861cam a22002654a 4500
001 - CONTROL NUMBER
control field 16600475
005 - DATE AND TIME OF LATEST TRANSACTION
control field 20251103134417.0
008 - FIXED-LENGTH DATA ELEMENTS--GENERAL INFORMATION
fixed length control field 110104s2012 maua b 001 0 eng
020 ## - INTERNATIONAL STANDARD BOOK NUMBER
International Standard Book Number 9780132137713
020 ## - INTERNATIONAL STANDARD BOOK NUMBER
International Standard Book Number 0132137712
050 00 - LIBRARY OF CONGRESS CALL NUMBER
Classification number RT89
Item number .F527 2012
082 00 - DEWEY DECIMAL CLASSIFICATION NUMBER
Classification number 362.17/3068
Edition information 22
100 1# - MAIN ENTRY--PERSONAL NAME
Personal name Finkelman, Anita Ward.
245 10 - TITLE STATEMENT
Title Leadership and management for nurses :
Remainder of title core competencies for quality care /
Statement of responsibility, etc. Anita Finkelman.
250 ## - EDITION STATEMENT
Edition statement 2nd ed.
260 ## - PUBLICATION, DISTRIBUTION, ETC.
Place of publication, distribution, etc. Boston :
Name of publisher, distributor, etc. Pearson,
Date of publication, distribution, etc. c2012.
300 ## - PHYSICAL DESCRIPTION
Extent xiv, 537 p. :
Other physical details col. ill. ;
Dimensions 28 cm.
500 ## - GENERAL NOTE
General note Rev. ed. of: Leadership and management in nursing / Anita W. Finkelman. c2006.
650 #0 - SUBJECT ADDED ENTRY--TOPICAL TERM
Topical term or geographic name entry element Nursing services
General subdivision Administration.
650 #0 - SUBJECT ADDED ENTRY--TOPICAL TERM
Topical term or geographic name entry element Leadership.
650 12 - SUBJECT ADDED ENTRY--TOPICAL TERM
Topical term or geographic name entry element Leadership.
650 12 - SUBJECT ADDED ENTRY--TOPICAL TERM
Topical term or geographic name entry element Nurse Administrators.
650 22 - SUBJECT ADDED ENTRY--TOPICAL TERM
Topical term or geographic name entry element Nursing, Supervisory.
942 ## - ADDED ENTRY ELEMENTS (KOHA)
Source of classification or shelving scheme Library of Congress Classification
Koha item type Books
Edition 2nd ed.
Suppress in OPAC No
999 ## -
-- 7987
-- 7987
Holdings
Withdrawn status Lost status Source of classification or shelving scheme Damaged status Not for loan Collection Home library Current library Shelving location Date acquired Total checkouts Full call number Barcode Date last seen Copy number Price effective from Koha item type
    Library of Congress Classification     Non-fiction Science Library (Miotso) Science Library (Miotso) General stacks 11/03/2025   RT89 .F527 FIN SLM00005129 11/03/2025 1 11/03/2025 Books
© 2023-2024 Copyright: Central University Libraries. All Rights Reserved | Created by: Mahone Tech Office